| 000 | 00362nam a2200133Ia 4500 | ||
|---|---|---|---|
| 008 | 231017s9999 xx 000 0 und d | ||
| 082 | _a625.85 | ||
| 082 | _bPPR | ||
| 245 | 0 | _aEvaluation Plan for Investigation of In-Place Recycling of Asphalt Concrete as Unbound Base Materials | |
| 245 | 0 | _cCaltrans | |
| 260 | _bCaltrans | ||
| 300 | _c30cm | ||
| 942 | _cREP | ||
| 999 |
_c604724 _d604724 |
||